Cabals i qualitat biològica del riu Anoia : diagnosi de l'estat del riu i dels trams finals dels afluents principals / Antoni Munné, Narcis Prat diagnosi de l'estat del riu i dels trams finals dels afluents principals / Antoni Munné, Narcis Prat
Descripción Física:
76 p. a dues columnes : il., col. ; 30 cm
Otros Autores:
Prat i Fornells, Narcís
MARC
| LEADER | 00000nam a2200000Ia 4500 | ||
|---|---|---|---|
| 001 | 12243 | ||
| 008 | 160829s1999 xx 000 0 cat d | ||
| 080 | |a C-1-17 | ||
| 100 | |a Munné i Torras, Antoni |9 35925 | ||
| 245 | |a Cabals i qualitat biològica del riu Anoia : |b diagnosi de l'estat del riu i dels trams finals dels afluents principals / Antoni Munné, Narcis Prat | ||
| 260 | |a Barcelona : |b Diputació de Barcelona. Àrea de Medi Ambient, |c 1999 | ||
| 300 | |a 76 p. a dues columnes : |b il., col. ; |c 30 cm | ||
| 490 | |a Estudis de la qualitat ecològica dels rius ; 5 | ||
| 650 | |a Anoia (Riu) |x Aspectes ambientals |9 35926 | ||
| 650 | |a Ecologia fluvial |x Anoia (Riu) |9 35927 | ||
| 700 | 1 | |a Prat i Fornells, Narcís |9 38638 | |
| 710 | |a Barcelona (Catalunya : Província). |b Àrea de Medi Ambient |9 52987 | ||
| 901 | |a Arxiu | ||
| 942 | |n 1 | ||
| 952 | |0 0 |1 0 |4 0 |6 C117 |7 1 |9 47123 |a Arxiu |b Arxiu |d 2016-12-01 |l 0 |o C-1-17 |p 12243 |r 2016-12-01 00:00:00 |w 2016-12-01 |y ARXIU | ||
| 999 | |c 50918 |d 50918 | ||